| 000 -LEADER |
| fixed length control field |
02715cam a22004457a 4500 |
| 001 - CONTROL NUMBER |
| control field |
16924985 |
| 003 - CONTROL NUMBER IDENTIFIER |
| control field |
NUST |
| 005 - DATE AND TIME OF LATEST TRANSACTION |
| control field |
20180117090030.0 |
| 008 - FIXED-LENGTH DATA ELEMENTS--GENERAL INFORMATION |
| fixed length control field |
110818s2012 enka b 001 0 eng d |
| 010 ## - LIBRARY OF CONGRESS CONTROL NUMBER |
| LC control number |
2011936865 |
| 015 ## - NATIONAL BIBLIOGRAPHY NUMBER |
| National bibliography number |
GBB1D4091 |
| Source |
bnb |
| 016 7# - NATIONAL BIBLIOGRAPHIC AGENCY CONTROL NUMBER |
| Record control number |
015974066 |
| Source |
Uk |
| 020 ## - INTERNATIONAL STANDARD BOOK NUMBER |
| International Standard Book Number |
9780857023278 (hbk.) |
| 020 ## - INTERNATIONAL STANDARD BOOK NUMBER |
| International Standard Book Number |
0857023276 (hbk.) |
| 020 ## - INTERNATIONAL STANDARD BOOK NUMBER |
| International Standard Book Number |
9780857023285 (pbk.) |
| 020 ## - INTERNATIONAL STANDARD BOOK NUMBER |
| International Standard Book Number |
0857023284 (pbk.) |
| 035 ## - SYSTEM CONTROL NUMBER |
| System control number |
(OCoLC)ocn762990210 |
| 040 ## - CATALOGING SOURCE |
| Original cataloging agency |
UKMGB |
| Transcribing agency |
UKMGB |
| Modifying agency |
YDXCP |
| -- |
CDX |
| -- |
YNK |
| -- |
MMU |
| -- |
DLC |
| 042 ## - AUTHENTICATION CODE |
| Authentication code |
lccopycat |
| 050 00 - LIBRARY OF CONGRESS CALL NUMBER |
| Classification number |
RC489.W75 |
| Item number |
W75 2012 |
| 082 04 - DEWEY DECIMAL CLASSIFICATION NUMBER |
| Classification number |
615.8515 |
| Edition number |
23 |
| 100 1# - MAIN ENTRY--PERSONAL NAME |
| Personal name |
Wright, Jeannie. |
| 9 (RLIN) |
4390 |
| 245 10 - TITLE STATEMENT |
| Title |
Reflective writing in counselling and psychotherapy / |
| Statement of responsibility, etc. |
Jeannie Wright, Gillie Bolton. |
| 260 ## - PUBLICATION, DISTRIBUTION, ETC. |
| Place of publication, distribution, etc. |
London ; |
| -- |
Thousand Oaks, Calif. : |
| Name of publisher, distributor, etc. |
SAGE, |
| Date of publication, distribution, etc. |
2012. |
| 300 ## - PHYSICAL DESCRIPTION |
| Extent |
xvi, 205 p. : |
| Other physical details |
ill. ; |
| Dimensions |
24 cm. |
| 504 ## - BIBLIOGRAPHY, ETC. NOTE |
| Bibliography, etc. note |
Includes bibliographical references (p. [194]-200) and index. |
| 505 0# - FORMATTED CONTENTS NOTE |
| Formatted contents note |
MAPS -- Preparing for the journey: what this book is and how to use it -- Why take the journey? The rationale for personal and professional journal keeping -- Preparing for the adventure: essential theory -- Starting out: how to write reflectively -- Writing to identify prejudice: culture, assumptions and stereotypes -- Navigation -- With company or travelling alone? Writing with others, whether in writing groups, online or to an imagined audience -- Writing the past: autobiographical memories -- Here and now: writing the present: focuses on current experiences and relationships, both personal and professional -- Looking back to look forward: writing the future: focuses on using imagination to envisage the future -- Signposts -- Getting stuck: how to deal with blocks, overcoming obstacles and general difficulties: how to develop hope and resilience -- Supervision, reflexive and reflective writing: reflective practice is one of the cornerstones of professional therapeutic relationships -- Assessment: signposts for assessing personal development writing -- Arrivals and continuing the journey: reflective writing for CPD; essential questions. |
| 650 #0 - SUBJECT ADDED ENTRY--TOPICAL TERM |
| Topical term or geographic name entry element |
Creative writing |
| General subdivision |
Therapeutic use. |
| 9 (RLIN) |
4391 |
| 650 #0 - SUBJECT ADDED ENTRY--TOPICAL TERM |
| Topical term or geographic name entry element |
Counseling. |
| 9 (RLIN) |
4000 |
| 650 #0 - SUBJECT ADDED ENTRY--TOPICAL TERM |
| Topical term or geographic name entry element |
Psychotherapy. |
| 9 (RLIN) |
4392 |
| 650 12 - SUBJECT ADDED ENTRY--TOPICAL TERM |
| Topical term or geographic name entry element |
Writing. |
| 9 (RLIN) |
4393 |
| 650 22 - SUBJECT ADDED ENTRY--TOPICAL TERM |
| Topical term or geographic name entry element |
Counseling |
| General subdivision |
methods. |
| 9 (RLIN) |
4217 |
| 650 22 - SUBJECT ADDED ENTRY--TOPICAL TERM |
| Topical term or geographic name entry element |
Psychotherapy |
| General subdivision |
methods. |
| 9 (RLIN) |
4107 |
| 700 1# - ADDED ENTRY--PERSONAL NAME |
| Personal name |
Bolton, Gillie. |
| 9 (RLIN) |
4394 |
| 906 ## - LOCAL DATA ELEMENT F, LDF (RLIN) |
| a |
7 |
| b |
cbc |
| c |
copycat |
| d |
2 |
| e |
ncip |
| f |
20 |
| g |
y-gencatlg |
| 942 ## - ADDED ENTRY ELEMENTS (KOHA) |
| Source of classification or shelving scheme |
|
| Koha item type |
Book |